000 01170nam a22001697a 4500
008 200310b xxu||||| |||| 00| 0 eng d
020 _a9781285433356
050 _aHD69.P75 K597(3e)
100 _aKloppenborg,Timothy J.
245 _aContemporary project management : organize, plan, perform. /
_cTimothy J. Kloppenborg.
250 _a3rd ed.
260 _aStamford :
_bCengage Learning,
_c2015.
300 _axxii, 458p. :
_bill. ;
_c26 cm.
500 _aIncludes appendix and index.
505 _aContents : Part 1: Organizing projects: Introduction to project management -- Project selection and prioritization -- Organizational capability: structure, culture, and roles -- Chartering projects -- Part 2: Planning projects: Stakeholder analysis and communication planning -- Scope planning -- Scheduling projects -- Resourcing projects -- Budgeting projects -- Project risk planning -- Project quality planning and project kickoff -- Part 3: Performing projects: Project supply chain management -- Leading and managing project progress and results -- Determining project progress and results -- Finishing the project and realizing the benefits.
942 _2lcc
_cBK
999 _c7145
_d14645